Name all ucl top scorers of the year - Statistics

General Stats
  • This quiz has been taken 133 times
  • The average score is 17 of 19
Answer Stats
Hint Answer % Correct
2019 Messi
100%
2012 Messi
100%
2011 Messi
100%
2010 Messi
100%
2009 Messi
100%
2018 Ronaldo
100%
2017 Ronaldo
100%
2016 Ronaldo
100%
2015 Ronaldo
100%
2014 Ronaldo
100%
2013 Ronaldo
100%
2008 Ronaldo
100%
2023 Haaland
95%
2021 Haaland
95%
2020 Lewandowski
92%
2022 Benzema
91%
2007 Kaka
66%
2006 Shevchenko
27%
2005 Van Nisterlooy
1%
No matching quizzes found
Score Distribution
Percent of People with Each Score
Percentile by Number Answered
Your Score History
You have not taken this quiz